01093cam a2200241 a 450000100100000000500170001000800410002702000150006804000240008308200180010710000310012524501540015626000710031030000280038149000290040949000730043850000510051150400640056265100640062665100530069083000310074383000770077400000667420200929153955.0941110s1986 sp a b 001 0 spa d a8400063228 aDO-SdBNPcMdBJdDLC a946.55bS243a1 aSarasa Sánchez, Esteban.10aAragón en el reinado de Fernando I, 1412-1416 :bgobierno y administración, constitución política, hacienda real /cEsteban Sarasa Sánchez. aZaragoza, España :bInstitución Fernando el Católico,c1986. a264 p. :bmap ;c24 cm.1 aTesis doctoralesvno. 601 aPublicación de la "Institución Fernando el Católico"vno. 1046 aBasado en la tesis del autor - Zaragoza, 1980. aIncluye referencias bibliográficas (p. 33-47) e índice. 4aAragón (España{Rpara}xHistoriayFERNANDO I, 1412-1416. 4aAragón (España{Rpara}xPolítica Y Gobierno 0aTesis doctorales ;vno 60. 0aPublicación. de la Institución "Fernando el Católico" ;vno. 1046.